000
00265nam a2200109Ia 4500
008
190914s9999||||xx |||||||||||||| ||und||
100
_a
Elma Ruth Harder
245
0
_a
Lives of the Prophets
260
_a
Canada
_b
Tata McGraw Hill
_c
2000
300
_a
304
942
_c
BK
999
_c
9678
_d
9678